La necrópolis del Puig des Molins (Ibiza) (Record no. 73061)

MARC details
000 -LEADER
campo de control de longitud fija 00631nam a2200181 i 4500
001 - NÚMERO DE CONTROL
campo de control 73061
003 - IDENTIFICADOR DE NÚMERO DE CONTROL
campo de control ES-MaACL
007 - CAMPO FIJO DE DESCRIPCIÓN FÍSICA--INFORMACIÓN GENERAL
campo de control de longitud fija t|
008 - DATOS DE LONGITUD FIJA--INFORMACIÓN GENERAL
campo de control de longitud fija 040906s1984 sp ||||1| spa d
100 1# - ENTRADA PRINCIPAL--NOMBRE DE PERSONA
Nombre de persona Gómez Bellard, Carlos.
9 (RLIN) 57834
245 13 - MENCIÓN DEL TÍTULO
Título La necrópolis del Puig des Molins (Ibiza)
Resto del título : campaña de 1946 /
Mención de responsabilidad, etc. Carlos Gómez Bellard.
260 ## - PUBLICACIÓN, DISTRIBUCIÓN, ETC.
Lugar de publicación, distribución, etc. [Madrid] :
Nombre del editor, distribuidor, etc. Dirección General de Bellas Artes y Archivos,
Fecha de publicación, distribución, etc. 1984.
300 ## - DESCRIPCIÓN FÍSICA
Extensión 179 p., 11 lám. ;
Dimensiones 29 cm.
490 1# - MENCIÓN DE SERIE
Mención de serie Excavaciones arqueológicas en España
830 0# - PUNTO DE ACCESO ADICIONAL DE SERIE-TÍTULO UNIFORME
Título uniforme Excavaciones arqueológicas en España
9 (RLIN) 177264
852 ## - LOCALIZACIÓN
Ubicación ES-MaACL
Número de control de estantería L-6076
Sublocalización o colección R.106859
Holdings
Estatus retirado Estado de pérdida Estado de daño No para préstamo Biblioteca de origen Biblioteca actual Ubicación en estantería Fecha de adquisición Fuente de adquisición Total de préstamos Signatura topográfica completa Código de barras Visto por última vez Precio de reemplazo Tipo de ítem Koha
        Biblioteca del Ateneo de Madrid Biblioteca del Ateneo de Madrid Depósito 2 17/01/2008     L-6076 1076480 23/02/2023 23/02/2023 Libro impreso